Le bouddhisme

Wedi'i Gadw mewn:
Manylion Llyfryddiaeth
Prif Awdur: Arvon, Henri
Fformat: Llyfr
Iaith:Undetermined
Cyhoeddwyd: Paris Presses universitaires de France 1951
Pynciau:
Tagiau: Ychwanegu Tag
Dim Tagiau, Byddwch y cyntaf i dagio'r cofnod hwn!
Thư viện lưu trữ: Trung tâm Học liệu Trường Đại học Cần Thơ
LEADER 00459nam a2200181Ia 4500
001 CTU_90407
008 210402s9999 xx 000 0 und d
082 |a 294.3 
082 |b A795 
100 |a Arvon, Henri 
245 0 |a Le bouddhisme 
245 0 |c Henri Arvon 
260 |a Paris 
260 |b Presses universitaires de France 
260 |c 1951 
650 |a Buddhism 
904 |i Năm,Hải 
980 |a Trung tâm Học liệu Trường Đại học Cần Thơ